000 01126cam a2200277 4500
001 12177398
005 20160817143832.0
008 741018s1958 mauab b 000 0 eng
010 _a60004269 //r65
040 _aDLC
_cHAM
_dSER
_dm.c.
_dSER
_dOCL
_dWSU
_dOCL
_dWAL
_dEAU
_dDGW
_dNKFUST
100 1 _aReischauer, Edwin O.
_q(Edwin Oldfather),
_d1910-
245 1 2 _aA history of East Asian civilization /
_c[by] Edwin O. Reischauer [and] John K. Fairbank.
260 _aBoston :
_bHoughton Mifflin ;
_c[1958, 1960]
300 _a2 v. :
_bill., maps (part fold.);
_c25 cm.
500 _aVol. 2 by John K. Fairbank, Edwin O. Reischauer, and Albert M. Craig.
504 _aIncludes bibliographical references.
505 0 _av. 1. East Asia: The great tradition.--v. 2. East Asia: The modern transformation.
650 0 _aCivilization, Oriental
_xHistory.
651 0 _aEast Asia
_xCivilization.
700 1 _aCraig, Albert M.
700 1 _aFairbank, John King,
_d1907-
740 0 _aEast Asia: The modern transformation.
740 0 _aEast Asian civilization.
740 0 _aEast Asia: The great tradition.
942 _2lcc
_cBK
999 _c40032
_d40032